00263nam a2200097Ia 4500008004100000041000800041100002100049245005300070260003400123365000800157231011s9999 xx 000 0 und d aeng aNicholas V Luppa aManagement Bay Quit and Other Uncensored Tactics bPitman Books Ltd California - b238